| 000 | 00840pam a2200265 a 4500 | ||
|---|---|---|---|
| 001 | 2349910 | ||
| 003 | OSt | ||
| 005 | 20180116192416.0 | ||
| 008 | 830323s1984 enka 000 0 eng | ||
| 010 | _a 83006931 | ||
| 020 | _a9780419161202 | ||
| 020 | _a0419161201 (pbk.) | ||
| 040 |
_aDLC _cDLC _dDLC |
||
| 050 | 0 | 0 |
_aNA1053.J4 _bB3 1984 |
| 082 | 0 | 0 |
_a720.924 _219 |
| 100 | 1 |
_aBaker, Geoffrey H. _q(Geoffrey Howard) _96730 |
|
| 245 | 1 | 0 |
_aLe Corbusier, an analysis of form / _cGeoffrey H. Baker. |
| 250 | _a3rd ed. | ||
| 260 |
_aLondone ; _aNew York, NY, U.S.A. : _bRoutledge, _cc1996. |
||
| 300 |
_axiii, 277 p. : _bill. ; _c22 x 30 cm. |
||
| 600 | 0 | 0 |
_aLe Corbusier, _d1887-1965. _96731 |
| 906 |
_a7 _bcbc _corignew _d1 _eocip _f19 _gy-gencatlg |
||
| 942 |
_2ddc _cBK |
||
| 999 |
_c353744 _d353744 |
||